[Event "Deutsche Ländermeisterschaft 2025"]
[Site "Oer-Erkenschwick GER"]
[Date "2025.10.01"]
[Round "1"]
[White "Müller, Konstantin"]
[Black "Kopylov, Diana"]
[Result "1-0"]
[Termination "normal"]
[Board "1.6"]
[WhiteElo "2035"]
[BlackElo "1836"]
[WhiteClock "01:00:59"]
[BlackClock "00:01:02"]
[WhiteTeam "Nordrhein-Westfalen 1"]
[BlackTeam "Schleswig-Holstein"]
[PlyCount "71"]
[WhiteFideId "34661778"]
[BlackFideId "16268865"]
[EventCountry "GER"]
[EventRounds "7"]
[EventType "team-swiss"]
[EventDate "2025.09.30"]

1. e4 {[%clk 01:30:57]} {[%emt 00:00:01]} c5 {[%clk 01:30:53]} {[%emt
00:00:08]} 2. Nf3 {[%clk 01:31:22]} {[%emt 00:00:05]} d6 {[%clk 01:31:15]}
{[%emt 00:00:07]} 3. d4 {[%clk 01:31:47]} {[%emt 00:00:05]} cxd4 {[%clk
01:31:41]} {[%emt 00:00:05]} 4. Nxd4 {[%clk 01:32:12]} {[%emt 00:00:05]} Nf6
{[%clk 01:32:06]} {[%emt 00:00:05]} 5. Nc3 {[%clk 01:32:37]} {[%emt 00:00:04]}
Nc6 {[%clk 01:32:31]} {[%emt 00:00:06]} 6. Be2 {[%clk 01:31:32]} {[%emt
00:01:36]} e5 {[%clk 01:31:22]} {[%emt 00:01:39]} 7. Nb3 {[%clk 01:31:20]}
{[%emt 00:00:42]} Be7 {[%clk 01:28:06]} {[%emt 00:03:46]} 8. O-O {[%clk
01:31:29]} {[%emt 00:00:22]} O-O {[%clk 01:26:53]} {[%emt 00:01:42]} 9. Be3
{[%clk 01:30:31]} {[%emt 00:01:28]} Be6 {[%clk 01:24:30]} {[%emt 00:02:53]} 10.
f4 {[%clk 01:30:33]} {[%emt 00:00:29]} exf4 {[%clk 01:17:16]} {[%emt 00:07:44]}
11. Bxf4 {[%clk 01:30:26]} {[%emt 00:00:36]} Qd7 {[%clk 01:13:28]} {[%emt
00:04:18]} 12. Qd3 {[%clk 01:28:31]} {[%emt 00:02:24]} a5 {[%clk 01:09:30]}
{[%emt 00:04:29]} 13. Rad1 {[%clk 01:26:18]} {[%emt 00:02:44]} Rfd8 {[%clk
01:05:16]} {[%emt 00:04:43]} 14. Qg3 {[%clk 01:24:47]} {[%emt 00:02:01]} Ne8
{[%clk 00:39:46]} {[%emt 00:26:00]} 15. Na4 {[%clk 01:21:49]} {[%emt 00:03:28]}
Qc7 {[%clk 00:35:05]} {[%emt 00:05:10]} 16. Nbc5 {[%clk 01:19:20]} {[%emt
00:03:01]} Bc8 {[%clk 00:21:59]} {[%emt 00:13:35]} 17. Rd2 {[%clk 01:13:59]}
{[%emt 00:05:51]} Rb8 {[%clk 00:17:49]} {[%emt 00:04:39]} 18. Rfd1 {[%clk
01:13:25]} {[%emt 00:01:05]} b5 {[%clk 00:16:55]} {[%emt 00:01:24]} 19. Nc3
{[%clk 01:11:48]} {[%emt 00:02:07]} Qb6 {[%clk 00:15:29]} {[%emt 00:01:57]} 20.
Nd5 {[%clk 01:11:39]} {[%emt 00:00:39]} Qa7 {[%clk 00:12:46]} {[%emt 00:03:13]}
21. Kh1 {[%clk 01:10:49]} {[%emt 00:01:19]} Bf8 {[%clk 00:05:42]} {[%emt
00:07:34]} 22. Nd3 {[%clk 01:10:16]} {[%emt 00:01:04]} Nd4 {[%clk 00:05:11]}
{[%emt 00:01:00]} 23. Bh5 {[%clk 01:09:11]} {[%emt 00:01:35]} Ne6 {[%clk
00:04:20]} {[%emt 00:01:21]} 24. Be3 {[%clk 01:09:23]} {[%emt 00:00:19]} Qb7
{[%clk 00:04:00]} {[%emt 00:00:50]} 25. Bb6 {[%clk 01:07:56]} {[%emt 00:01:57]}
N8c7 {[%clk 00:02:48]} {[%emt 00:01:42]} 26. Bxa5 {[%clk 01:07:24]} {[%emt
00:01:03]} Ra8 {[%clk 00:02:26]} {[%emt 00:00:52]} 27. Bc3 {[%clk 01:07:12]}
{[%emt 00:00:42]} Nxd5 {[%clk 00:02:05]} {[%emt 00:00:52]} 28. exd5 {[%clk
01:07:34]} {[%emt 00:00:07]} Qxd5 {[%clk 00:02:03]} {[%emt 00:00:32]} 29. Bf3
{[%clk 01:07:33]} {[%emt 00:00:31]} Qxa2 {[%clk 00:02:03]} {[%emt 00:00:29]}
30. Nb4 {[%emt 00:00:38]} Qa4 {[%clk 00:01:17]} {[%emt 00:01:14]} 31. Bxa8
{[%clk 01:01:24]} {[%emt 00:06:33]} Qxa8 {[%clk 00:01:40]} {[%emt 00:00:06]}
32. Rd5 {[%clk 01:01:37]} {[%emt 00:00:17]} Nc5 {[%clk 00:00:46]} {[%emt
00:01:24]} 33. Rxc5 {[%clk 01:00:22]} {[%emt 00:01:46]} dxc5 {[%clk 00:00:38]}
{[%emt 00:00:38]} 34. Rxd8 {[%clk 01:00:44]} {[%emt 00:00:08]} Qa1+ {[%clk
00:00:53]} {[%emt 00:00:15]} 35. Qe1 {[%clk 01:00:38]} {[%emt 00:00:36]} Qxe1+
{[%clk 00:01:02]} {[%emt 00:00:22]} 36. Bxe1 {[%clk 01:00:59]} {[%emt
00:00:09]} 1-0

[Event "Deutsche Ländermeisterschaft 2025"]
[Site "Oer-Erkenschwick GER"]
[Date "2025.10.01"]
[Round "1"]
[White "Margaryan, Susanna"]
[Black "Schirmbeck, Lilian"]
[Result "0-1"]
[Termination "normal"]
[Board "1.7"]
[BlackTitle "WCM"]
[WhiteElo "1750"]
[BlackElo "1927"]
[WhiteClock "00:07:17"]
[BlackClock "00:16:22"]
[WhiteTeam "Schleswig-Holstein"]
[BlackTeam "Nordrhein-Westfalen 1"]
[PlyCount "60"]
[WhiteFideId "16268210"]
[BlackFideId "34620532"]
[EventCountry "GER"]
[EventRounds "7"]
[EventType "team-swiss"]
[EventDate "2025.09.30"]

1. d4 {[%clk 01:30:55]} {[%emt 00:00:04]} e6 {[%clk 01:30:51]} {[%emt
00:00:09]} 2. c4 {[%clk 01:31:19]} {[%emt 00:00:06]} Bb4+ {[%clk 01:31:09]}
{[%emt 00:00:12]} 3. Nc3 {[%clk 01:31:37]} {[%emt 00:00:12]} b6 {[%clk
01:31:16]} {[%emt 00:00:23]} 4. Nf3 {[%clk 01:31:26]} {[%emt 00:00:41]} Bxc3+
{[%clk 01:31:17]} {[%emt 00:00:29]} 5. bxc3 {[%clk 01:31:48]} {[%emt 00:00:07]}
Bb7 {[%clk 01:31:42]} {[%emt 00:00:06]} 6. Bf4 {[%clk 01:30:30]} {[%emt
00:01:49]} Nf6 {[%clk 01:22:24]} {[%emt 00:09:48]} 7. e3 {[%clk 01:25:56]}
{[%emt 00:05:04]} Ne4 {[%clk 01:19:01]} {[%emt 00:03:53]} 8. Nd2 {[%clk
01:16:41]} {[%emt 00:09:45]} Nxd2 {[%clk 01:14:32]} {[%emt 00:04:59]} 9. Qxd2
{[%clk 01:17:03]} {[%emt 00:00:08]} d6 {[%clk 01:14:29]} {[%emt 00:00:32]} 10.
Rd1 {[%clk 01:15:11]} {[%emt 00:02:22]} Nd7 {[%clk 01:12:07]} {[%emt 00:02:50]}
11. f3 {[%clk 01:03:37]} {[%emt 00:12:06]} g5 {[%clk 00:56:02]} {[%emt
00:16:34]} 12. Bg3 {[%clk 01:02:30]} {[%emt 00:01:37]} f5 {[%clk 00:55:41]}
{[%emt 00:00:51]} 13. Be2 {[%clk 01:00:46]} {[%emt 00:02:13]} Qf6 {[%clk
00:52:38]} {[%emt 00:03:27]} 14. O-O {[%clk 00:53:12]} {[%emt 00:08:11]} O-O-O
{[%clk 00:50:36]} {[%emt 00:02:32]} 15. a4 {[%clk 00:51:13]} {[%emt 00:02:29]}
a5 {[%clk 00:43:48]} {[%emt 00:07:17]} 16. Rb1 {[%clk 00:47:43]} {[%emt
00:04:00]} Qg6 {[%clk 00:38:02]} {[%emt 00:06:16]} 17. Rb2 {[%clk 00:38:50]}
{[%emt 00:09:23]} h5 {[%clk 00:36:03]} {[%emt 00:02:29]} 18. Rfb1 {[%clk
00:32:50]} {[%emt 00:06:30]} g4 {[%clk 00:31:43]} {[%emt 00:04:50]} 19. fxg4
{[%clk 00:25:22]} {[%emt 00:07:59]} hxg4 {[%clk 00:31:33]} {[%emt 00:00:40]}
20. Qc2 {[%clk 00:23:35]} {[%emt 00:02:16]} Qh6 {[%clk 00:24:22]} {[%emt
00:07:42]} 21. Bf4 {[%clk 00:21:16]} {[%emt 00:02:49]} Qh5 {[%clk 00:23:58]}
{[%emt 00:00:52]} 22. Bf1 {[%clk 00:17:54]} {[%emt 00:03:55]} e5 {[%clk
00:22:46]} {[%emt 00:01:43]} 23. Bg3 {[%clk 00:16:47]} {[%emt 00:01:36]} Qg5
{[%clk 00:20:40]} {[%emt 00:02:36]} 24. Re1 {[%clk 00:11:07]} {[%emt 00:06:10]}
Rdf8 {[%clk 00:16:16]} {[%emt 00:04:55]} 25. Bd3 {[%clk 00:09:49]} {[%emt
00:01:47]} f4 {[%clk 00:16:04]} {[%emt 00:00:42]} 26. exf4 {[%clk 00:10:07]}
{[%emt 00:00:12]} exf4 {[%clk 00:16:32]} {[%emt 00:00:02]} 27. Rb5 {[%clk
00:09:05]} {[%emt 00:01:32]} Qh6 {[%clk 00:16:00]} {[%emt 00:01:02]} 28. Bf2
{[%clk 00:07:00]} {[%emt 00:02:35]} Qxh2+ {[%clk 00:16:26]} {[%emt 00:00:04]}
29. Kf1 {[%clk 00:07:19]} {[%emt 00:00:11]} Bxg2+ {[%clk 00:15:53]} {[%emt
00:01:03]} 30. Ke2 {[%clk 00:07:17]} {[%emt 00:00:32]} Bf3+ {[%clk 00:16:22]}
{[%emt 00:00:01]} 0-1

[Event "Deutsche Ländermeisterschaft 2025"]
[Site "Oer-Erkenschwick GER"]
[Date "2025.10.01"]
[Round "1"]
[White "Shynkar, Daria"]
[Black "Vasilieva, Sophie Victoria"]
[Result "1-0"]
[Termination "normal"]
[Board "1.8"]
[WhiteElo "1922"]
[BlackElo "1488"]
[WhiteClock "01:29:42"]
[BlackClock "00:24:58"]
[WhiteTeam "Nordrhein-Westfalen 1"]
[BlackTeam "Schleswig-Holstein"]
[PlyCount "119"]
[WhiteFideId "34163212"]
[BlackFideId "533007071"]
[EventCountry "GER"]
[EventRounds "7"]
[EventType "team-swiss"]
[EventDate "2025.09.30"]

1. d4 {[%clk 01:30:59]} d5 {[%clk 01:30:27]} {[%emt 00:00:33]} 2. c4 {[%clk
01:31:24]} {[%emt 00:00:04]} c6 {[%clk 01:30:46]} {[%emt 00:00:11]} 3. e3
{[%clk 01:31:51]} {[%emt 00:00:04]} Nf6 {[%clk 01:30:43]} {[%emt 00:00:32]} 4.
Nc3 {[%clk 01:32:15]} {[%emt 00:00:06]} Bf5 {[%clk 01:29:46]} {[%emt 00:01:27]}
5. cxd5 {[%clk 01:32:39]} {[%emt 00:00:07]} cxd5 {[%clk 01:25:27]} {[%emt
00:04:49]} 6. Qb3 {[%clk 01:32:39]} {[%emt 00:00:29]} Qd7 {[%clk 01:21:13]}
{[%emt 00:04:39]} 7. Bb5 {[%clk 01:33:01]} {[%emt 00:00:13]} Nc6 {[%clk
01:21:04]} {[%emt 00:00:38]} 8. Nf3 {[%clk 01:33:18]} {[%emt 00:00:14]} e6
{[%clk 01:16:39]} {[%emt 00:04:54]} 9. Ne5 {[%clk 01:32:31]} {[%emt 00:01:17]}
Qc7 {[%clk 01:13:23]} {[%emt 00:03:45]} 10. Qa4 {[%clk 01:31:31]} {[%emt
00:01:31]} Rc8 {[%clk 01:01:08]} {[%emt 00:12:40]} 11. Qxa7 {[%clk 01:26:45]}
{[%emt 00:05:21]} Bd6 {[%clk 00:55:48]} {[%emt 00:05:50]} 12. Bxc6+ {[%clk
01:25:37]} {[%emt 00:01:36]} bxc6 {[%clk 00:55:10]} {[%emt 00:01:09]} 13. Qxc7
{[%clk 01:25:48]} {[%emt 00:00:20]} Rxc7 {[%clk 00:55:21]} {[%emt 00:00:18]}
14. O-O {[%clk 01:24:43]} {[%emt 00:01:36]} O-O {[%clk 00:55:11]} {[%emt
00:00:39]} 15. f3 {[%clk 01:22:51]} {[%emt 00:02:22]} c5 {[%clk 00:53:26]}
{[%emt 00:02:14]} 16. Nb5 {[%clk 01:20:30]} {[%emt 00:02:52]} Bxe5 {[%clk
00:52:35]} {[%emt 00:01:20]} 17. dxe5 {[%clk 01:20:41]} {[%emt 00:00:19]} Rb7
{[%clk 00:50:06]} {[%emt 00:02:56]} 18. Nd6 {[%emt 00:00:14]} Rb6 {[%clk
00:49:54]} {[%emt 00:00:37]} 19. Nxf5 {[%clk 01:21:26]} {[%emt 00:00:11]} exf5
{[%clk 00:50:12]} {[%emt 00:00:12]} 20. exf6 {[%emt 00:00:05]} Rxf6 {[%clk
00:50:23]} {[%emt 00:00:18]} 21. Rd1 {[%clk 01:21:59]} {[%emt 00:00:23]} Rd8
{[%clk 00:50:23]} {[%emt 00:00:20]} 22. e4 {[%clk 01:22:15]} {[%emt 00:00:24]}
h6 {[%clk 00:50:31]} {[%emt 00:00:21]} 23. exd5 {[%clk 01:22:15]} {[%emt
00:00:29]} Rfd6 {[%clk 00:50:45]} {[%emt 00:00:15]} 24. Be3 {[%clk 01:21:35]}
{[%emt 00:01:12]} Rxd5 {[%clk 00:50:41]} {[%emt 00:00:34]} 25. Rxd5 {[%emt
00:00:10]} Rxd5 {[%clk 00:50:59]} {[%emt 00:00:11]} 26. Rc1 {[%clk 01:22:19]}
{[%emt 00:00:08]} c4 {[%clk 00:50:20]} {[%emt 00:01:09]} 27. Rxc4 {[%clk
01:22:23]} {[%emt 00:00:26]} Rd1+ {[%clk 00:50:30]} {[%emt 00:00:19]} 28. Kf2
{[%clk 01:22:44]} {[%emt 00:00:09]} Ra1 {[%clk 00:49:50]} {[%emt 00:01:09]} 29.
a4 {[%clk 01:22:25]} {[%emt 00:00:50]} Ra2 {[%clk 00:49:43]} {[%emt 00:00:35]}
30. Rb4 {[%clk 01:22:41]} {[%emt 00:00:16]} Ra1 {[%clk 00:48:00]} {[%emt
00:02:11]} 31. Rb8+ {[%clk 01:22:53]} {[%emt 00:00:20]} Kh7 {[%clk 00:48:13]}
{[%emt 00:00:17]} 32. Ra8 {[%clk 01:23:08]} {[%emt 00:00:16]} Rb1 {[%clk
00:48:08]} {[%emt 00:00:29]} 33. Bd4 {[%clk 01:23:33]} {[%emt 00:00:10]} Rc1
{[%clk 00:46:36]} {[%emt 00:02:02]} 34. a5 {[%clk 01:22:53]} {[%emt 00:01:11]}
Rc2+ {[%clk 00:44:38]} {[%emt 00:02:27]} 35. Kg3 {[%clk 01:23:15]} {[%emt
00:00:08]} Rc4 {[%clk 00:39:03]} {[%emt 00:05:59]} 36. Bc3 {[%clk 01:23:18]}
{[%emt 00:00:33]} Ra4 {[%clk 00:38:46]} {[%emt 00:00:43]} 37. a6 {[%clk
01:23:25]} {[%emt 00:00:27]} Kg6 {[%clk 00:37:16]} {[%emt 00:02:00]} 38. a7
{[%clk 01:23:34]} {[%emt 00:00:20]} f4+ {[%clk 00:35:50]} {[%emt 00:01:56]} 39.
Kg4 {[%clk 01:23:25]} {[%emt 00:00:36]} f5+ {[%clk 00:30:59]} {[%emt 00:05:25]}
40. Kh4 {[%clk 01:23:18]} {[%emt 00:00:35]} h5 {[%clk 00:21:55]} {[%emt
00:09:36]} 41. Rg8 {[%clk 01:22:06]} {[%emt 00:01:42]} Rxa7 {[%clk 00:21:57]}
{[%emt 00:00:28]} 42. Rxg7+ {[%clk 01:22:27]} {[%emt 00:00:09]} Rxg7 {[%clk
00:22:16]} {[%emt 00:00:11]} 43. Bxg7 {[%clk 01:22:54]} {[%emt 00:00:03]} Kxg7
{[%clk 00:22:37]} {[%emt 00:00:09]} 44. Kxh5 {[%clk 01:23:21]} {[%emt
00:00:04]} Kf6 {[%clk 00:22:36]} {[%emt 00:00:30]} 45. b4 {[%clk 01:23:46]}
{[%emt 00:00:05]} Ke6 {[%clk 00:22:50]} {[%emt 00:00:17]} 46. Kg5 {[%clk
01:24:12]} {[%emt 00:00:04]} Kd5 {[%clk 00:22:48]} {[%emt 00:00:29]} 47. h4
{[%clk 01:24:31]} {[%emt 00:00:14]} Kc4 {[%clk 00:23:08]} {[%emt 00:00:09]} 48.
h5 {[%clk 01:24:58]} {[%emt 00:00:04]} Kxb4 {[%clk 00:23:27]} {[%emt 00:00:11]}
49. h6 {[%clk 01:25:25]} {[%emt 00:00:04]} Kc5 {[%clk 00:23:40]} {[%emt
00:00:16]} 50. h7 {[%clk 01:25:51]} {[%emt 00:00:05]} Kd6 {[%clk 00:23:47]}
{[%emt 00:00:22]} 51. h8=Q {[%clk 01:26:13]} {[%emt 00:00:08]} Kd5 {[%clk
00:23:51]} {[%emt 00:00:20]} 52. Kxf5 {[%clk 01:26:34]} {[%emt 00:00:15]} Kc5
{[%clk 00:23:34]} {[%emt 00:00:44]} 53. Ke5 {[%clk 01:26:57]} {[%emt 00:00:10]}
Kc4 {[%clk 00:23:38]} {[%emt 00:00:19]} 54. Qd8 {[%clk 01:27:21]} {[%emt
00:00:11]} Kc3 {[%clk 00:23:58]} {[%emt 00:00:10]} 55. Qd4+ {[%clk 01:27:45]}
{[%emt 00:00:06]} Kc2 {[%clk 00:24:06]} {[%emt 00:00:23]} 56. Ke4 {[%clk
01:28:08]} {[%emt 00:00:07]} Kc1 {[%clk 00:24:19]} {[%emt 00:00:16]} 57. Qf2
{[%clk 01:28:26]} {[%emt 00:00:12]} Kb1 {[%clk 00:24:35]} {[%emt 00:00:15]} 58.
Kd3 {[%clk 01:28:50]} {[%emt 00:00:05]} Ka1 {[%clk 00:24:42]} {[%emt 00:00:23]}
59. Kc3 {[%clk 01:29:16]} {[%emt 00:00:04]} Kb1 {[%clk 00:24:58]} {[%emt
00:00:15]} 60. Qb2# {[%clk 01:29:42]} {[%emt 00:00:04]} 1-0

[Event "Deutsche Ländermeisterschaft 2025"]
[Site "Oer-Erkenschwick GER"]
[Date "2025.10.01"]
[Round "1"]
[White "Eilenberg, Jonas"]
[Black "van Arendonk, Polle"]
[Result "1-0"]
[Termination "normal"]
[Board "2.1"]
[WhiteTitle "FM"]
[WhiteElo "2346"]
[BlackElo "2105"]
[WhiteClock "00:29:13"]
[BlackClock "00:00:40"]
[WhiteTeam "Berlin"]
[BlackTeam "Stichts-Gooise Schaakbond"]
[PlyCount "81"]
[WhiteFideId "16204271"]
[BlackFideId "1072048"]
[EventCountry "GER"]
[EventRounds "7"]
[EventType "team-swiss"]
[EventDate "2025.09.30"]

1. e4 {[%clk 01:30:55]} {[%emt 00:00:04]} e5 {[%clk 01:30:48]} {[%emt
00:00:13]} 2. Nf3 {[%clk 01:31:14]} {[%emt 00:00:11]} Nc6 {[%clk 01:31:14]}
{[%emt 00:00:04]} 3. Bc4 {[%clk 01:31:32]} {[%emt 00:00:12]} Bc5 {[%clk
01:31:38]} {[%emt 00:00:05]} 4. d3 {[%clk 01:31:53]} {[%emt 00:00:09]} h6
{[%clk 01:31:51]} {[%emt 00:00:18]} 5. c3 {[%clk 01:31:27]} {[%emt 00:00:55]}
Nf6 {[%clk 01:32:10]} {[%emt 00:00:12]} 6. b4 {[%clk 01:31:22]} {[%emt
00:00:35]} Bb6 {[%clk 01:32:35]} {[%emt 00:00:05]} 7. O-O {[%clk 01:31:36]}
{[%emt 00:00:16]} d6 {[%clk 01:29:47]} {[%emt 00:03:19]} 8. Nbd2 {[%clk
01:30:33]} {[%emt 00:01:32]} O-O {[%clk 01:29:40]} {[%emt 00:00:37]} 9. Qb3
{[%clk 01:28:35]} {[%emt 00:02:28]} a5 {[%clk 01:20:07]} {[%emt 00:10:03]} 10.
b5 {[%clk 01:28:44]} {[%emt 00:00:21]} a4 {[%clk 01:20:18]} {[%emt 00:00:20]}
11. Qc2 {[%clk 01:28:33]} {[%emt 00:00:41]} Ne7 {[%clk 01:19:25]} {[%emt
00:01:23]} 12. d4 {[%clk 01:22:07]} {[%emt 00:06:55]} exd4 {[%clk 01:06:43]}
{[%emt 00:13:13]} 13. cxd4 {[%clk 01:22:27]} {[%emt 00:00:10]} d5 {[%clk
01:06:08]} {[%emt 00:01:05]} 14. e5 {[%clk 01:20:16]} {[%emt 00:02:40]} Bf5
{[%clk 01:02:22]} {[%emt 00:04:16]} 15. Bd3 {[%clk 01:20:11]} {[%emt 00:00:35]}
Bxd3 {[%clk 01:02:34]} {[%emt 00:00:18]} 16. Qxd3 {[%clk 01:20:39]} {[%emt
00:00:01]} Nh7 {[%clk 01:01:58]} {[%emt 00:01:06]} 17. Ba3 {[%clk 01:14:04]}
{[%emt 00:07:05]} Re8 {[%clk 00:58:56]} {[%emt 00:03:33]} 18. Rfc1 {[%clk
01:09:07]} {[%emt 00:05:27]} Nf8 {[%clk 00:54:38]} {[%emt 00:04:47]} 19. Nf1
{[%clk 01:07:04]} {[%emt 00:02:33]} Ne6 {[%clk 00:51:44]} {[%emt 00:03:25]} 20.
Ne3 {[%clk 01:07:26]} {[%emt 00:00:08]} Nf4 {[%clk 00:47:21]} {[%emt 00:04:52]}
21. Qd2 {[%clk 01:01:08]} {[%emt 00:06:48]} Qd7 {[%clk 00:41:43]} {[%emt
00:06:08]} 22. g3 {[%clk 00:54:45]} {[%emt 00:06:53]} Ne6 {[%clk 00:33:20]}
{[%emt 00:08:54]} 23. Qd3 {[%clk 00:53:05]} {[%emt 00:02:10]} Ra5 {[%clk
00:28:29]} {[%emt 00:05:21]} 24. Rab1 {[%clk 00:46:35]} {[%emt 00:06:59]} Nc8
{[%clk 00:28:34]} {[%emt 00:00:26]} 25. Rb2 {[%clk 00:46:00]} {[%emt 00:01:04]}
Nf8 {[%clk 00:17:55]} {[%emt 00:11:10]} 26. Kg2 {[%emt 00:12:16]} g6 {[%clk
00:07:08]} {[%emt 00:05:29]} 27. h3 {[%clk 00:38:22]} {[%emt 00:02:09]} h5
{[%clk 00:06:22]} {[%emt 00:01:16]} 28. Ng5 {[%clk 00:36:45]} {[%emt 00:02:08]}
Ne6 {[%clk 00:05:50]} {[%emt 00:01:01]} 29. Nxe6 {[%clk 00:36:19]} {[%emt
00:00:56]} Qxe6 {[%clk 00:05:38]} {[%emt 00:00:43]} 30. f4 {[%clk 00:35:40]}
{[%emt 00:01:08]} f5 {[%clk 00:03:52]} {[%emt 00:02:16]} 31. g4 {[%clk
00:32:44]} {[%emt 00:03:26]} fxg4 {[%clk 00:03:04]} {[%emt 00:01:17]} 32. hxg4
{[%clk 00:33:12]} {[%emt 00:00:02]} hxg4 {[%clk 00:03:05]} {[%emt 00:00:29]}
33. Kg3 {[%clk 00:33:19]} {[%emt 00:00:23]} Ne7 {[%clk 00:03:15]} {[%emt
00:00:21]} 34. Bxe7 {[%clk 00:32:52]} {[%emt 00:00:56]} Rxe7 {[%clk 00:03:44]}
{[%emt 00:00:02]} 35. Rh1 {[%clk 00:32:21]} {[%emt 00:01:00]} Rg7 {[%clk
00:00:41]} {[%emt 00:03:33]} 36. Rbh2 {[%clk 00:31:37]} {[%emt 00:01:14]} Kf7
{[%clk 00:00:43]} {[%emt 00:00:29]} 37. Rh8 {[%clk 00:30:48]} {[%emt 00:01:19]}
Bxd4 {[%clk 00:00:33]} {[%emt 00:00:40]} 38. Qxd4 {[%clk 00:30:54]} {[%emt
00:00:24]} Rxb5 {[%clk 00:00:57]} {[%emt 00:00:07]} 39. Rd8 {[%clk 00:28:56]}
{[%emt 00:02:27]} Qe7 {[%clk 00:00:32]} {[%emt 00:00:56]} 40. Rhh8 {[%clk
00:28:59]} {[%emt 00:00:26]} Qa3 {[%clk 00:00:40]} {[%emt 00:00:22]} 41. e6+
{[%clk 00:29:13]} {[%emt 00:00:16]} 1-0

[Event "Deutsche Ländermeisterschaft 2025"]
[Site "Oer-Erkenschwick GER"]
[Date "2025.10.01"]
[Round "1"]
[White "Terlouw, Wouter"]
[Black "Jahnz, Laurin"]
[Result "1/2-1/2"]
[Termination "normal"]
[Board "2.2"]
[WhiteTitle "CM"]
[BlackTitle "CM"]
[WhiteElo "2102"]
[BlackElo "2220"]
[WhiteClock "00:13:23"]
[BlackClock "00:03:53"]
[WhiteTeam "Stichts-Gooise Schaakbond"]
[BlackTeam "Berlin"]
[PlyCount "80"]
[WhiteFideId "1087401"]
[BlackFideId "16261089"]
[EventCountry "GER"]
[EventRounds "7"]
[EventType "team-swiss"]
[EventDate "2025.09.30"]

1. d4 {[%clk 01:30:54]} {[%emt 00:00:05]} d5 {[%clk 01:30:57]} {[%emt
00:00:04]} 2. Nf3 {[%clk 01:30:39]} {[%emt 00:00:44]} e6 {[%clk 01:30:46]}
{[%emt 00:00:42]} 3. c4 {[%clk 01:30:49]} {[%emt 00:00:20]} Nf6 {[%clk
01:31:07]} {[%emt 00:00:10]} 4. Nc3 {[%clk 01:31:04]} {[%emt 00:00:14]} dxc4
{[%clk 01:31:06]} {[%emt 00:00:31]} 5. e3 {[%clk 01:30:58]} {[%emt 00:00:35]}
a6 {[%clk 01:31:14]} {[%emt 00:00:23]} 6. a4 {[%clk 01:30:33]} {[%emt
00:00:54]} c5 {[%clk 01:31:10]} {[%emt 00:00:35]} 7. Bxc4 {[%clk 01:30:22]}
{[%emt 00:00:40]} Nc6 {[%clk 01:30:47]} {[%emt 00:00:54]} 8. O-O {[%clk
01:29:32]} {[%emt 00:01:17]} Be7 {[%clk 01:31:12]} {[%emt 00:00:08]} 9. Ne5
{[%clk 01:22:27]} {[%emt 00:07:35]} O-O {[%clk 01:23:50]} {[%emt 00:07:52]} 10.
Nxc6 {[%clk 01:20:00]} {[%emt 00:02:56]} bxc6 {[%clk 01:24:08]} {[%emt
00:00:12]} 11. a5 {[%clk 01:16:32]} {[%emt 00:03:58]} cxd4 {[%clk 01:17:05]}
{[%emt 00:07:34]} 12. exd4 {[%clk 01:16:04]} {[%emt 00:00:57]} Bb7 {[%clk
01:09:03]} {[%emt 00:08:33]} 13. Be3 {[%clk 01:13:02]} {[%emt 00:03:31]} Nd5
{[%clk 01:04:56]} {[%emt 00:04:38]} 14. Nxd5 {[%clk 01:05:24]} {[%emt
00:08:07]} cxd5 {[%clk 01:04:24]} {[%emt 00:01:03]} 15. Bd3 {[%clk 01:04:39]}
{[%emt 00:01:14]} Qd7 {[%clk 01:01:37]} {[%emt 00:03:19]} 16. Bd2 {[%clk
01:02:04]} {[%emt 00:03:03]} Bc6 {[%clk 00:56:57]} {[%emt 00:05:11]} 17. Qe2
{[%clk 01:01:40]} {[%emt 00:00:54]} Rfb8 {[%clk 00:50:09]} {[%emt 00:07:19]}
18. Bc3 {[%clk 00:52:37]} {[%emt 00:09:32]} Bb5 {[%clk 00:50:11]} {[%emt
00:00:29]} 19. f4 {[%clk 00:50:50]} {[%emt 00:02:16]} g6 {[%clk 00:49:22]}
{[%emt 00:01:19]} 20. g4 {[%clk 00:47:22]} {[%emt 00:03:57]} Bxd3 {[%clk
00:47:58]} {[%emt 00:01:56]} 21. Qxd3 {[%clk 00:47:06]} {[%emt 00:00:45]} f5
{[%clk 00:44:27]} {[%emt 00:04:02]} 22. g5 {[%clk 00:45:33]} {[%emt 00:02:02]}
Bd6 {[%clk 00:44:01]} {[%emt 00:00:56]} 23. Rae1 {[%clk 00:43:59]} {[%emt
00:02:03]} Kf7 {[%clk 00:39:31]} {[%emt 00:05:01]} 24. Kg2 {[%clk 00:31:04]}
{[%emt 00:13:25]} h6 {[%clk 00:33:26]} {[%emt 00:06:37]} 25. h4 {[%clk
00:28:48]} {[%emt 00:02:45]} Rh8 {[%clk 00:30:41]} {[%emt 00:03:15]} 26. Qe3
{[%clk 00:26:02]} {[%emt 00:03:15]} hxg5 {[%clk 00:29:48]} {[%emt 00:01:24]}
27. hxg5 {[%clk 00:24:27]} {[%emt 00:02:05]} Rh4 {[%clk 00:29:53]} {[%emt
00:00:25]} 28. Rh1 {[%clk 00:24:25]} {[%emt 00:00:32]} Rah8 {[%clk 00:19:28]}
{[%emt 00:10:56]} 29. Qg3 {[%clk 00:21:42]} {[%emt 00:03:12]} Rxh1 {[%clk
00:16:00]} {[%emt 00:03:59]} 30. Rxh1 {[%clk 00:22:04]} {[%emt 00:00:08]} Rxh1
{[%clk 00:16:25]} {[%emt 00:00:05]} 31. Kxh1 {[%clk 00:22:29]} {[%emt
00:00:05]} Qb5 {[%clk 00:16:44]} {[%emt 00:00:11]} 32. Qh3 {[%clk 00:22:06]}
{[%emt 00:00:53]} Kg8 {[%clk 00:17:08]} {[%emt 00:00:07]} 33. Qf3 {[%clk
00:21:29]} {[%emt 00:01:06]} Bc7 {[%clk 00:11:41]} {[%emt 00:05:58]} 34. Kg2
{[%clk 00:18:48]} {[%emt 00:03:10]} Kf7 {[%clk 00:11:20]} {[%emt 00:00:52]} 35.
Qe3 {[%clk 00:13:32]} {[%emt 00:05:46]} Qa4 {[%clk 00:11:09]} {[%emt 00:00:42]}
36. Qh3 {[%clk 00:12:44]} {[%emt 00:01:17]} Qc2+ {[%clk 00:10:13]} {[%emt
00:01:26]} 37. Kf1 {[%clk 00:12:53]} {[%emt 00:00:20]} Qc1+ {[%clk 00:09:28]}
{[%emt 00:01:16]} 38. Ke2 {[%clk 00:13:13]} {[%emt 00:00:07]} Qc2+ {[%clk
00:07:22]} {[%emt 00:02:39]} 39. Kf1 {[%clk 00:13:05]} {[%emt 00:00:34]} Qd1+
{[%clk 00:06:49]} {[%emt 00:01:06]} 40. Kf2 {[%clk 00:13:23]} {[%emt 00:00:09]}
Qc2+ {[%clk 00:03:53]} {[%emt 00:03:30]} 1/2-1/2